|
|
|
|
| LEADER |
00000 a a2200000 04500 |
| 001 |
26104 |
| 003 |
|
| 040 |
|
|
|a CRAI/IIS
|c CRAI/IIS
|
| 020 |
|
|
|a 968-842-613-X
|
| 090 |
|
|
|a 147300
|
| 100 |
|
|
|a Muñoz Gracía, Humberto
|
| 110 |
|
|
|a UNAM. Instituto de Investigaciones. Centro Regional de Investigaciones Multidiciplinarias
|
| 245 |
|
|
|a Los Valores educativos y el empleo en México /
|c Humberto Muñoz Gracía
|
| 260 |
|
|
|a México, D.F:
|b UNAM
|
| 300 |
|
|
|a 157 p
|b **no definido**
|
| 650 |
|
|
|a EDUCACION
|
| 650 |
|
|
|a SISTEMAS DE VALORES
|
| 650 |
|
|
|a EMPLEO
|
| 650 |
|
|
|a FILOSOFIA DE LA EDUCACION
|
| 650 |
|
|
|a ECONOMIA DE MERCADO
|
| 650 |
|
|
|a ENCUESTAS
|
| 650 |
|
|
|a SISTEMAS DE VALORES
|
| 650 |
|
|
|a OCUPACIONES
|
| 650 |
|
|
|a ACCESO A LA EDUCACION
|
| 700 |
|
|
|a Torres Franco, José Luis
|a colab.
|a Varela Petito, Gonzalo
|a colab
|
| 999 |
|
|
|c 4218
|d 4218
|